katalytická premena polyolov na glykoly

Saved in:
Bibliographic Details
Main Author: Špirko, Maroš
Format: Book
Language:Slovak
Published: Bratislava STU FCHPT 2012
Online Access:View in OPAC
Tags: Add Tag
No Tags, Be the first to tag this record!

MARC

LEADER 00000nam a2200000 a 4500
005 20260127134140.0
008 120619 2012 xo 000 0 slo d
035 |a vtls010430792 
039 9 |a 201207091125  |b mschk03  |y 201206191027  |z mschk03 
040 |a STUSCHK1  |b slo  |c STUSCHK1  |e AACR2 
100 1 |a Špirko, Maroš 
245 1 |a katalytická premena polyolov na glykoly  |c Maroš Špirko 
260 |a Bratislava  |b STU FCHPT  |c 2012 
300 |a 75 s.  |b il.  |c 30cm 
500 |a Obháj.: 4.6. 2012 
500 |a Študijný program: chemické technológie 
500 |a Študijný odbor: 5.2.18 chemické technológie 
500 |a Miesto vypracovania: Oddelenie organickej technológie, FCHPT STU 
500 |a Evidenčné číslo: FCHPT-5439-50734 
500 |a Diplomová práca 
910 |a SCHK95 
999 |c 5218  |d 5218